Tratado de derecho financiero y tributario local /
ISBN:
84-7248-161-1
Descripción Física:
1189 p. ; 25 cm
MARC
| LEADER | 00000nam a2200000Ia 4500 | ||
|---|---|---|---|
| 001 | 21829 | ||
| 003 | BGR | ||
| 005 | 20260324180110.0 | ||
| 008 | 160829s1993 xx 000 0 cat d | ||
| 020 | |a 84-7248-161-1 | ||
| 080 | |a D-4-45 | ||
| 245 | 0 | 0 | |a Tratado de derecho financiero y tributario local / |c dirigido por: Jose Juan Ferreiro Lapatza ; autores: Angela Acín Ferrer,... [et al] |
| 260 | |a Barcelona : |b Diputació de Barcelona ; Madrid : |b Marcial Pons, Ediciones Jurídicas, |c 1993 | ||
| 300 | |a 1189 p. ; |c 25 cm | ||
| 650 | 0 | |a Dret fiscal |x Legislació |z Espanya |9 32543 | |
| 650 | |a Dret financer |x Legislació |x Espanya |9 38020 | ||
| 700 | 1 | |a Ferreiro Lapatza, José Juan |e director editorial |9 18049 | |
| 700 | |a Acín Ferrer, Angela |e autor |9 1555 | ||
| 710 | 1 | |a Barcelona (Catalunya : Província). |b Diputació |9 52408 | |
| 901 | |a Arxiu | ||
| 942 | |n 1 |2 udc |c MON | ||
| 952 | |0 1 |1 0 |2 udc |4 0 |5 2 |6 D445 |7 1 |9 53114 |a Arxiu |b Arxiu |d 2016-12-01 |l 0 |o D-4-45 |p 21829 |r 2016-12-01 00:00:00 |w 2016-12-01 |y ARXIU | ||
| 999 | |c 56963 |d 56963 | ||